000 00629nam a2200241Ia 4500
003 OSt
005 20220918201256.0
006 a|||||r|||| 00| 0
007 ta
008 220917b |||||||| |||| 00| 0 eng d
024 _a92,801
037 _cTextual
040 _aARTS
_cARTS
_beng
041 _2eng
_aeng
082 _aV1:19:N5, K2-;K7
100 _aMacridis Roy C Ed.
245 0 _aForeign policy in World politics
250 _a3rd
260 _aEnglewood
_bPrentic-Hall
_c1967
650 _aHISTORY
942 _hV1:19:N5, K2-;K7
_cTEXL
_2CC
999 _c216452
_d216452